| 000 | 00951nam a22002897a 4500 | ||
|---|---|---|---|
| 001 | 5400 | ||
| 003 | FISKH | ||
| 005 | 20241203101725.0 | ||
| 008 | 241203b cb ||||| |||| 00| 0 eng d | ||
| 020 | _a9780060540241 | ||
| 040 |
_aFISKH _beng _cFISKH _dFISKH |
||
| 050 | _aPZ7.C8615 | ||
| 082 | _a813.54 | ||
| 100 | _aCreech, Sharon | ||
| 245 |
_aHeartbeat / _cby Sharon Creech |
||
| 260 |
_aNew York : _bHarperCollins Publishers ; _c2004 . |
||
| 300 |
_a180 pages : _billustrations ; _c20 cm . |
||
| 505 | _aS | ||
| 520 | _aTwelve-year-old Annie ponders the many rhythms of life the year that her mother becomes pregnant, her grandfather begins faltering, and her best friend (and running partner) becomes distant. | ||
| 521 | 8 |
_a790
_bLexile estimate |
|
| 521 | 8 |
_aS
_bRaz-Plus |
|
| 650 |
_aBest friends _vFiction |
||
| 650 |
_afriendship _vFiction |
||
| 650 |
_arunning _vFiction |
||
| 942 |
_2ddc _cBK _n0 |
||
| 999 |
_c5400 _d5400 |
||